Southville International School and Colleges
Your cart is empty.
  • Cart
  • Lists
    Public lists Eva Luna New books Lux_list list_1
    Your lists Log in to create your own lists
  • Log in to your account
  • Your cookies
  • Search history
Southville International School and Colleges
  • Advanced search
  • Recent comments
  • Most popular
  • Libraries

Log in to your account

Log in with GOOGLE


If you do not have an external account, but do have a local account, you can still log in:

  1. Home
  2. MARC view: Quantitative Chemical Analysis /
Normal view MARC view ISBD view

Quantitative Chemical Analysis / (Record no. 13613)

[ view plain ]
MARC details
000 -LEADER
fixed length control field 00673cam a2200241 a 4500
003 - CONTROL NUMBER IDENTIFIER
control field OSt
005 - DATE AND TIME OF LATEST TRANSACTION
control field 20140310182446.0
008 - FIXED-LENGTH DATA ELEMENTS--GENERAL INFORMATION
fixed length control field 971202s1999 nyua 001 0 eng
020 ## - INTERNATIONAL STANDARD BOOK NUMBER
International Standard Book Number 9781429218153
020 ## - INTERNATIONAL STANDARD BOOK NUMBER
International Standard Book Number 1429218150
050 00 - LIBRARY OF CONGRESS CALL NUMBER
Classification number QD 101.2
Item number .H313 2010
100 1# - MAIN ENTRY--PERSONAL NAME
Personal name Harris, Daniel C.
Dates associated with a name 1948-
9 (RLIN) 7806
245 10 - TITLE STATEMENT
Title Quantitative Chemical Analysis /
Statement of responsibility, etc Daniel C. Harris.
250 ## - EDITION STATEMENT
Edition statement 8th ed.
260 ## - PUBLICATION, DISTRIBUTION, ETC. (IMPRINT)
Place of publication, distribution, etc New York :
Name of publisher, distributor, etc W.H. Freeman,
Date of publication, distribution, etc c2010.
300 ## - PHYSICAL DESCRIPTION
Extent 719 p. :
Other physical details ill. (some col.) ;
Dimensions 28 cm.
650 #0 - SUBJECT ADDED ENTRY--TOPICAL TERM
Topical term or geographic name as entry element Chemistry, Analytic
General subdivision Quantitative.
9 (RLIN) 7807
942 ## - ADDED ENTRY ELEMENTS (KOHA)
Source of classification or shelving scheme Library of Congress Classification
Koha item type
Holdings
Withdrawn status Lost status Source of classification or shelving scheme Damaged status Home library Current library Shelving location Date acquired Total Checkouts Total Renewals Full call number Barcode Date last seen Date checked out Copy number Price effective from Koha item type
    Library of Congress Classification   South SEED-LPDH College Library South SEED-LPDH College Library South SEED-LPDH College Section 08/05/2013 1 7 QD 101.2 .H313 2010 SSLC1010 05/15/2018 05/22/2017 1 08/05/2013 Books
    Library of Congress Classification   South SEED-LPDH College Library South SEED-LPDH College Library South SEED-LPDH College Section 08/05/2013 1 13 QD 101.2 .H313 2010 SSLC1011 05/15/2018 05/29/2017 2 08/05/2013 Books
    Library of Congress Classification   South SEED-LPDH College Library South SEED-LPDH College Library South SEED-LPDH College Section 08/13/2013     QD 101.2 .H313 2010 SSLC0174 05/15/2018   3 08/13/2013 Books
    Library of Congress Classification   South SEED-LPDH College Library South SEED-LPDH College Library South SEED-LPDH College Section 08/13/2013 1 11 QD 101.2 .H313 2010 SSLC1009 05/15/2018 05/29/2017 4 08/13/2013 Books

Quantitative Chemical Analysis /

APA

Harris D. C., . (2010). Quantitative Chemical Analysis. New York: W.H. Freeman.

Chicago

Harris Daniel C, . 2010. Quantitative Chemical Analysis. New York: W.H. Freeman.

Harvard

Harris D. C., . (2010). Quantitative Chemical Analysis. New York: W.H. Freeman.

MLA

Harris Daniel C, . Quantitative Chemical Analysis. New York: W.H. Freeman. 2010.

  • Place hold
  • Print
  • Cite
  • Add to your cart (remove)
  • Save record
    BIBTEX Dublin Core MARCXML MARC (non-Unicode/MARC-8) MARC (Unicode/UTF-8) MARC (Unicode/UTF-8, Standard) MODS (XML) RIS
  • More searches
    Search for this title in:
    Other Libraries (WorldCat) Other Databases (Google Scholar) Online Stores (Bookfinder.com) Open Library (openlibrary.org)

Exporting to Dublin Core...

SOUTHVILLE LIBRARY

Southville International School and Colleges Library

1281 Tropical Ave. Cor. Luxembourg St., BF Homes International, Las Pinas City

Tel. No. 8256374 / 252358 Loc. 117/146

Powered by Koha